Plan general de desarrollo urbano y programa de vivienda para obreros en vitarte
Presenta una solución a la problemática en el Plan Vitarte, es el obtener una forma de ordenamiento territorial que oriente el desarrollo de la ciudad dentro de ciertas normas urbanísticas.
| Main Author: | |
|---|---|
| Other Authors: | |
| Format: | Tesis Section = Libro |
| Language: | Undetermined Spanish |
| Published: |
México
Universidad Nacional Autónoma de México (UNAM)
[s.f.]
|
| Subjects: |
| LEADER | 00942nam a2200229Ia 4500 | ||
|---|---|---|---|
| 008 | 240830s9999 xx 000 0 und d | ||
| 040 | |a BIBLIOTECA-RUSB/ Mon 711.1472 B456 | ||
| 041 | |a spa | ||
| 082 | |a Mon 711.1472 B456 | ||
| 100 | 1 | |a Bendaña Monterrey, Rene | |
| 245 | 1 | 0 | |a Plan general de desarrollo urbano y programa de vivienda para obreros en vitarte |
| 260 | |a México |b Universidad Nacional Autónoma de México (UNAM) |c [s.f.] | ||
| 300 | |a p. irreg. :il. | ||
| 502 | |a Tesis (Arquitecto) - Universidad Nacional Autónoma de México (UNAM), [s.f] . | ||
| 520 | 3 | |a Presenta una solución a la problemática en el Plan Vitarte, es el obtener una forma de ordenamiento territorial que oriente el desarrollo de la ciudad dentro de ciertas normas urbanísticas. | |
| 650 | 7 | |a FACTORES ECONOMICOS | |
| 650 | 7 | |b URBANISMO | |
| 650 | 7 | |c PLANIFICACION | |
| 700 | 1 | |a Tutor: | |
| 942 | |c BK |2 ddc | ||
| 991 | |a TESIS | ||
| 999 | |c 20860 | ||